Hóa học vô cơ
Sách gồm 5 chương giới thiệu: Phức chất của các kim loại chuyển tiếp họ d; Các kim loại chuyển tiếp d dãy thứ nhất; Các kim loại chuyển tiếp d dãy thứ hai và thứ ba; Các nguyên tố Lantanit; Các nguyên tố Actinit....
Spremljeno u:
| Glavni autor: | |
|---|---|
| Format: | Knjiga |
| Jezik: | Undetermined |
| Izdano: |
Hà Nội
Giáo dục
2009
|
| Teme: | |
| Oznake: |
Dodaj oznaku
Bez oznaka, Budi prvi tko označuje ovaj zapis!
|
| Thư viện lưu trữ: | Trung tâm Học liệu Trường Đại học Cần Thơ |
|---|
| LEADER | 00866nam a2200205Ia 4500 | ||
|---|---|---|---|
| 001 | CTU_166952 | ||
| 008 | 210402s9999 xx 000 0 und d | ||
| 020 | |c 47000 | ||
| 082 | |a 546 | ||
| 082 | |b Đ450/Q.2 | ||
| 100 | |a Vũ, Đăng Độ | ||
| 245 | 0 | |a Hóa học vô cơ | |
| 245 | 0 | |c Vũ Đăng Độ | |
| 260 | |a Hà Nội | ||
| 260 | |b Giáo dục | ||
| 260 | |c 2009 | ||
| 520 | |a Sách gồm 5 chương giới thiệu: Phức chất của các kim loại chuyển tiếp họ d; Các kim loại chuyển tiếp d dãy thứ nhất; Các kim loại chuyển tiếp d dãy thứ hai và thứ ba; Các nguyên tố Lantanit; Các nguyên tố Actinit. | ||
| 650 | |a Inorganic Chemistry,Hóa học vô cơ | ||
| 904 | |i Phuong, Năm | ||
| 980 | |a Trung tâm Học liệu Trường Đại học Cần Thơ | ||